000 01936 a2200277 4500
001 172
005 20260407155414.0
008 260407a2007 arg spa d
003 AR-UNSa-BCEJYS
040 _aAR-UNSa-BCEJYS
_bspa
_cAR-UNSa-BCEJYS
080 _a336.226.1
_xImpuestos a las ganancias o los beneficios (Impuesto Diferido)
245 1 0 _aTratado del impuesto a las ganancias
020 _a978-987-01-0679-1
250 _a2a. ed
264 1 _aBuenos Aires :
_bErrepar
_c2007
300 _a1041 p.
_c22 cm
505 _a1. Generalidades teóricas de la imposición sobre la renta - 2. Hecho imponible - 3. Exenciones - 4. Año fiscal e imputación - 5. Determinación del impuesto - 6. Salidas no documentadas - 7. Rentas de la primera categoría - 8. Rentas de la segunda categoría - 9. Rentas de la cuarta categoría - 10. Rentas de la tercera categoría - 11. Disposiciones de fondos y bienes - 12. Operaciones entre empresas vinculadas - 13. Empresas de construcción - 14. Valuación de inventarios - 15. Ajuste por inflación - 16. Operaciones en moneda extranjera - 17. Amortizaciones y deducciones por agotamiento - 18. Venta y reemplazo de bienes - 19. Distribuciones de utilidades - 20. Rescate de acciones y otras variaciones patrimoniales - 21. Reorganización de sociedades - 22. Operaciones, contratos e instrumentos financieros - 23. Beneficiarios en el exterior - 24. Rentas de fuente extranjera - 25. Convenios para aliviar o evitar la doble imposición internacional - 26. Liquidación e ingreso del impuesto - 27. Regímenes especiales
942 _cBK
590 _aniveau_biblio:m niveau_hierar:0
100 1 _aLorenzo, Armando
700 1 _aBechara, Fabián
700 1 _aCalcagno, Gabriel A
700 1 _aCavalli, César M.
700 1 _aEdelstein, Andrés M.
856 4 1 _uhttps://biblioeco.unsa.edu.ar/pmb/images/libros/Tratado del Impuesto a las Ganancias .jpg
_yImagen de portada
_qimage/jpeg
999 _c133
_d133